Statistics for Largest Cities in Pennsylvania in my Opinion

Click here to take the quiz!

General Stats

  • This quiz has been taken 21 times
  • The average score is 8 of 9

Answer Stats

HintAnswer% Correct
540kAllentown
100%
180kErie
100%
5.2MPhiladelphia
100%
300kScranton
100%
1.5MPittsburgh
94%
380kHarrisburg
83%
270kLancaster
83%
240kReading
78%
240kYork
72%

Score Distribution

Percentile by Number Answered

Percent of People with Each Score

Your Score History

You have not taken this quiz